MARC

LEADER 00000nam0a2200000 4500
001 35462
005 20231030233831.0
010 |a 5060004724 
035 |a (RuTPU)RU\TPU\book\35894 
035 |a BOOK00002546 
090 |a 35462 
100 |a 20011210d1989 m y0rusy50 ca 
101 0 |a rus 
102 |a RU 
105 |a y j 000zy 
200 1 |a Геохимия  |e учебное пособие  |f А. И. Перельман 
205 |a 2-е изд., перераб. и доп. 
210 |a Москва  |c Высшая школа  |d 1989 
215 |a 527 с. 
451 1 |0 (RuTPU)RU\TPU\book\73005  |t Геохимия  |o учебное пособие для вузов  |f А. И. Перельман  |c М.  |n Высшая школа  |d 1979  |p 423 с.  |a Перельман, Александр Ильич 
610 1 |a геология 
610 1 |a геохимия 
610 1 |a химические элементы 
610 1 |a типы миграции 
610 1 |a биосфера 
610 1 |a биогенные миграции 
610 1 |a теория 
610 1 |a полезные ископаемые 
610 1 |a поиски 
610 1 |a учебные пособия 
675 |a 550.4(075.8)  |v 3 
700 1 |a Перельман  |b А. И.  |g Александр Ильич 
801 0 |a RU  |b 63413507  |c 20011210  |g PSBO 
801 2 |a RU  |b 63413507  |c 20201118  |g PSBO 
900 |a Геохимия, геохимический мониторинг окружающей среды 
900 |a Водная миграция химических элементов 
900 |a Геохимия радиоактивных элементов 
942 |c BK